| 000 | 00657 a2200205 4500 | ||
|---|---|---|---|
| 001 | 216222733 | ||
| 003 | UA-OsUOA | ||
| 005 | 20220912161333.0 | ||
| 008 | 220825b un ||||| |||| 00| 0 ukr d | ||
| 040 |
_aUA-OsUOA _bukr _cUA-OsUOA _dUA-OsUOA |
||
| 041 | _aukr | ||
| 080 | _a050 | ||
| 090 |
_a050 _bН73 |
||
| 245 |
_aНовий літопис _n1963: Р. ІІІ. Ч. 1 (6), 4 (9); 1965: Р. V. Ч. 15, 16; |
||
| 260 | _aВінніпег | ||
| 650 |
_2UDC _a050 Періодика |
||
| 942 |
_cMG _2udc |
||
| 955 | _a0 | ||
| 999 |
_c573038 _d573038 |
||